عرض عادي
عرض مارك
- Jansky, Shelley.
مدخل إسم شخص
001 - رقم الضبط
- حقل الضبط: 6604
003 - معرف رقم الضبط
- حقل الضبط: OSt
005 - تاريخ ووقت أخر عملية
- حقل الضبط: 20111130131459.0
008 - عناصر بيانات ثابتة الطول
- حقل تحكم ثابت الطول: 111130|||a|||||| | ||| d
040 ## - مصدر الفهرسة
- هيئة الفهرسة الأصلية: OSt
- وكالة الكتابة: OSt
100 ## - مدخل -- أسم شخص
- إسم شخص: Jansky, Shelley.
670 ## - بيانات المصدر موجوده
- الاستشهاد بالمصدر: Work cat.: (OSt)20038: Bidlack, James E. 6602, Stern's introductory plant biology /, c2011.
